Marriage counselling : (Record no. 4069)

MARC details
000 -LEADER
fixed length control field 00880cam a22002891a 4500
001 - CONTROL NUMBER
control field 6073577
003 - CONTROL NUMBER IDENTIFIER
control field OSt
005 - DATE AND TIME OF LATEST TRANSACTION
control field 20250130160858.0
008 - FIXED-LENGTH DATA ELEMENTS--GENERAL INFORMATION
fixed length control field 810922s1958 enka 000 0 eng
010 ## - LIBRARY OF CONGRESS CONTROL NUMBER
LC control number 58035888
015 ## - NATIONAL BIBLIOGRAPHY NUMBER
National bibliography number GB58-7390
035 ## - SYSTEM CONTROL NUMBER
System control number (OCoLC)7782886
040 ## - CATALOGING SOURCE
Original cataloging agency DLC
Transcribing agency CLamB
Modifying agency CLamB
-- Uk
-- DLC
042 ## - AUTHENTICATION CODE
Authentication code premarc
050 00 - LIBRARY OF CONGRESS CALL NUMBER
Classification number HQ10
Item number .W3
082 ## - DEWEY DECIMAL CLASSIFICATION NUMBER
Classification number 259.1
Item number WRI
100 ## - MAIN ENTRY--PERSONAL NAME
Personal name Wright Norman H.
9 (RLIN) 4
245 10 - TITLE STATEMENT
Title Marriage counselling :
Statement of responsibility, etc. by J.H. Wallis and H.S. Booker.
260 ## - PUBLICATION, DISTRIBUTION, ETC. (IMPRINT)
Place of publication, distribution, etc. London :
Name of publisher, distributor, etc. Routledge & K. Paul,
Date of publication, distribution, etc. 1958.
300 ## - PHYSICAL DESCRIPTION
Extent 313 p. :
Other physical details ill. ;
Dimensions 23 cm.
610 20 - SUBJECT ADDED ENTRY--CORPORATE NAME
Corporate name or jurisdiction name as entry element National Marriage Guidance Council (Great Britain)
650 #0 - SUBJECT ADDED ENTRY--TOPICAL TERM
Topical term or geographic name as entry element Marriage counseling
Geographic subdivision Great Britain.
700 1# - ADDED ENTRY--PERSONAL NAME
Personal name Booker, H. S.
740 0# - ADDED ENTRY--UNCONTROLLED RELATED/ANALYTICAL TITLE
Uncontrolled related/analytical title Marriage counselling : a description and analysis ...
906 ## - LOCAL DATA ELEMENT F, LDF (RLIN)
a 7
b cbc
c oclcrpl
d u
e ncip
f 19
g y-gencatlg
942 ## - ADDED ENTRY ELEMENTS (KOHA)
Source of classification or shelving scheme Dewey Decimal Classification
Koha item type Books
Holdings
Withdrawn status Lost status Source of classification or shelving scheme Damaged status Not for loan Home library Current library Date acquired Total Checkouts Full call number Barcode Date last seen Price effective from Koha item type
    Dewey Decimal Classification     Bunge Tower Library Bunge Tower Library 01/30/2025   259.1 WRI 2025/0023 01/30/2025 01/30/2025 Books
LIBRARY OPENING HOURS

When the Parliament is sitting: 8.00a.m - 7.00p.m or until the house adjourns
Mondays and Fridays and when the House is on Recess:  8.00a.m - 5.00p.m
Closed on Weekends and Public Holidays

Online Public Access Catalog (OPAC)
Website: http://www.parliament.go.ke
Bunge Library: https://libraryir.parliament.go.ke
Contact: library@parliament.go.ke | Tel no: (254-2)2221291 or 2848000 Ext 5043